000 00550nam a2200229Ia 4500
003 OSt
005 20220916111012.0
006 a|||||r|||| 00| 0
007 ta
008 220915b |||||||| |||| 00| 0 eng d
024 _a93884
037 _cTextbook
040 _beng
_aARTS
_cARTS
041 _aeng
082 _aU;65:N3, 122G0
100 _aGautier E F
245 0 _aL'Afrique noire occidentale
260 _c1930
650 _aGEOGRAPHY
942 _hU;65:N3, 122G0
_cTB
_2CC
999 _c103003
_d103003